|
|
|
|
| LEADER |
00000nas a2200000 a 4500 |
| 001 |
ssj0000399069 |
| 003 |
WaSeSS |
| 005 |
20200512172242.0 |
| 006 |
m d |
| 007 |
cr n |
| 008 |
000726d20002010fr gr s s i0 0eng c |
| 010 |
|
|
|a 00252899
|
| 016 |
7 |
|
|a 007180767
|2 Uk
|
| 022 |
|
|
|l 1996-3475
|y 1996-3475
|
| 035 |
|
|
|a (WaSeSS)ssj0000399069
|
| 040 |
|
|
|a LPU
|b eng
|c LPU
|d WAU
|d DLC
|d IUL
|d DLC
|d MYG
|d ORZ
|d MUQ
|d MYG
|d IUL
|d MYG
|d OCL
|d XND
|d SINLB
|d OCLCQ
|d UKMGB
|d HVL
|d OCLCF
|d IUL
|d NLC
|d OCLCQ
|d CEF
|d OCLCA
|d STF
|d SFB
|d WaSeSS
|
| 042 |
|
|
|a pcc
|
| 050 |
0 |
0 |
|a HD9696.C6
|b I543
|
| 050 |
1 |
4 |
|a HE9696.2.A1
|b I543
|
| 082 |
0 |
4 |
|a 338.47004
|2 21
|
| 222 |
|
0 |
|a OECD information technology outlook
|
| 245 |
0 |
0 |
|a OECD information technology outlook
|h [electronic resource].
|
| 246 |
2 |
|
|a Organisation for Economic Co-operation and Development information technology outlook
|
| 260 |
|
|
|a Paris, France :
|b OECD,
|c c2000-c2010.
|
| 310 |
|
|
|a Biennial
|
| 362 |
0 |
|
|a 2000-2010.
|
| 500 |
|
|
|a Issues have thematic subtitles.
|
| 506 |
|
|
|a License restrictions may limit access.
|
| 580 |
|
|
|a Issued on an alternating yearly basis with Communications outlook.
|
| 580 |
|
|
|a Issued also in French under title: Perspectives des technologies de l'information de l'OCDE.
|
| 650 |
|
0 |
|a Computer industry
|v Statistics
|v Periodicals.
|
| 650 |
|
0 |
|a Information technology
|v Statistics
|v Periodicals.
|
| 650 |
|
7 |
|a Computer industry.
|2 fast
|0 (OCoLC)fst00872154
|
| 650 |
|
7 |
|a Information technology.
|2 fast
|0 (OCoLC)fst00973089
|
| 653 |
|
|
|a Communication policy --
|a OECD countries
|
| 653 |
|
|
|a Information technology --
|a OECD countries --
|a Periodicals
|
| 653 |
|
|
|a Computer industry --
|a OECD countries
|
| 653 |
|
|
|a Technological trends --
|a OECD countries
|
| 653 |
|
|
|a Electronic commerce --
|a OECD countries
|
| 653 |
|
|
|a Information society
|
| 655 |
|
0 |
|a Electronic journals.
|
| 710 |
2 |
|
|a Organisation for Economic Co-operation and Development.
|
| 775 |
1 |
|
|t Perspectives des technologies de l'information de l'OCDE
|
| 780 |
0 |
0 |
|t Information technology outlook
|x 1019-973X
|w (DLC) 93640946
|w (OCoLC)25686590
|
| 785 |
0 |
0 |
|t OECD Internet economy outlook
|w (DLC) 2013234408
|w (OCoLC)830714320
|
| 787 |
1 |
|
|t Communications outlook
|w (DLC) 92641286
|w (OCoLC)22878967
|
| 830 |
|
0 |
|a Information society (Organisation for Economic Co-operation and Development)
|
| 850 |
|
|
|a DLC
|
| 853 |
2 |
0 |
|8 1
|a (year)
|w g
|
| 856 |
4 |
0 |
|z Full text available from Research Library: 01/01/2010 to 01/31/2010
|u https://search.proquest.com/publication/2026400
|
| 863 |
4 |
1 |
|8 1.1
|a 2000
|